| 000 | 00497nam a2200181Ia 4500 | ||
|---|---|---|---|
| 008 | 180207s9999 xx 000 0 und d | ||
| 020 | _a9780395740699 | ||
| 050 | _bM158 1996 | ||
| 100 | _aMcKissack, Robert | ||
| 245 | 2 | _aA friend for King Amadou / | |
| 245 | _cRobert McKissack ; illustrated by Reynold Ruffins. | ||
| 260 | _aBoston, MA : | ||
| 260 | _bHoughton Mifflin Company, | ||
| 260 | _c1996 | ||
| 300 | _a16 pages : | ||
| 300 | _bcolor illustration ; | ||
| 440 | _aWatch me read. | ||
| 999 |
_c355257 _d355257 |
||